| 000 | 004920000a22001690004500 | ||
|---|---|---|---|
| 090 |
_aAR _b02493 |
||
| 245 | 1 | 0 | _aDistribution and systematics of bats in the Lesser Antilles |
| 650 | 1 | 4 |
_aBiogeografía _992747 |
| 650 | 1 | 4 |
_aSistemática animal _992968 |
| 650 | 1 | 4 |
_aEvolución _992797 |
| 650 | 1 | 4 |
_aMurciélagos _92659 |
| 651 | 4 |
_pAntillas _992749 |
|
| 041 | 0 | _aInglés | |
| 100 | 1 |
_aJones, J. Knox _99498 |
|
| 942 | _cARTICULO | ||
| 773 | 1 |
_tBiogeography of the West Indies _3237 _q645-660 _d1989 |
|
| 999 |
_c11560 _d11560 |
||